| 000 | 00533nam a2200169 a 4500 | ||
|---|---|---|---|
| 001 | 2287 | ||
| 003 | CDMR | ||
| 005 | 20130322092516.0 | ||
| 008 | 130130s1998||||||||||||||||||||||||||||d | ||
| 020 | _a8484090124 | ||
| 040 |
_aCDMR _bcat _cCPC LLEIDA |
||
| 100 | 1 |
_aGanau Casas, Joan _91702 |
|
| 245 | 1 | 3 |
_aLa protección de los monumentos arquitectónicos en España y Cataluña _cJoan Ganau Casas _b: legislación, organización, inventario |
| 260 |
_aLleida _c1998 _bUniversitat de Lleida |
||
| 490 | 0 |
_aEspai/Temps _v34 |
|
| 942 |
_cMON _2udc |
||
| 999 |
_c2287 _d2287 |
||